000 01508nam0a2200373 4500
001 RU\NLR\BIBL_A\022677365
005 20260607071511.0
010 _a978-5-17-166768-9
_93000
021 _aRU
_bКН-П-25-063883
_9КН-П-25-6189
035 _a(NLR Aleph) 022677365
090 _a13547564
_c13547564
100 _a20251202d2025 d y0rusy50 ca
101 0 _arus
102 _aRU
105 _aao z 000ay
181 0 _ai
_b xxe
182 0 _an
200 1 _aЯ знаю 5 имён девочек
_iМарианна
_eдля среднего школьного возраста
_fКристина Стрельникова
203 _aТекст
_bвизуальный
_cнепосредственный
210 _aМосква
_cАСТ
_d2025
215 _a157, [2] с.
_cил., орнамент
_d21
225 1 _aМой первый роман
300 _aНа переплете загл.: Я знаю 5 имён девочек... Марианна
320 _aДругие кн. авт. на задней сторонке переплета
333 _a12+
517 1 _aЯ знаю 5 имён девочек... Марианна
532 1 1 _aЯ знаю пять имён девочек. Марианна
686 0 _aШ9(2)62=Р7-4
700 1 _aСтрельникова
_bК. И.
_f1976-
_gКристина Ивановна
_3RU\NLR\AUTH\770127742
_9127717
942 _cBOOK
980 _aNB